000 00546nam a2200181Ia 4500
008 151018s9999 xx 000 0 und d
082 _bRBASDV42211
_a914.919
100 _aमीना - प्रभू
245 _aग्रीकांजली
250 _b1
260 _bपुणे प्रकाशन
_c2006
300 _a15
600 _aमीना - प्रभू
630 _aग्रीकांजली
700 _aमीना - प्रभू
730 _aग्रीकांजली
942 _cBOOK
999 _c1041440
_d1041437